000 01759cam a2200169 4500500
005 20260111094251.0
041 _afre
042 _adc
100 1 0 _aLenhof, Jean-Louis
_eauthor
245 0 0 _aFrançois Ploux, De Bouche à oreille. Naissance et propagation des rumeurs dans la France du xixe siècle , Paris, Aubier, « Collection Historique », 2003, 290 p., 22 ?.
260 _c2004.
500 _a88
520 _aRésumé En juin 1943, Pierre Lebugle, aide familial sur la modeste ferme laitière de ses parents à Camembert (Orne), est requis par le Service du Travail Obligatoire. Envoyé dans une grande exploitation proche de Berlin, son univers quotidien passe des herbages du Pays d’Auge à la grande culture du Neumark. 21 mois durant, Pierre Lebugle avec trois camarades de la même commune, participe aux travaux des champs dans un contexte relativement privilégié qu’il consigne dans son journal jusqu’à son retour en Normandie après un périple qui le conduit jusqu’à Moscou.
520 _aIn June 1943, Pierre Lebugle, a hand on the little dairy farm of his parents situated in Cambert (Orne,) was required for the Service du Travail Obligatoire. Sent to a very large farm near Berlin, his everyday life moved from the pastures of Pays d’Auge to the cash crops in Neumark. For 21 months, Pierre Lebugle and three friends from his village took part in farm work in a relatively privileged context, which he recorded in his diary, kept until his return home after travelling all the way to Moscow.
786 0 _nHistoire & Sociétés Rurales | 21 | 1 | 2004-03-01 | p. 231t-285t | 1254-728X
856 4 1 _uhttps://shs.cairn.info/revue-histoire-et-societes-rurales-2004-1-page-231t?lang=fr&redirect-ssocas=7080
999 _c1628494
_d1628494